स्वामीनाथन : भूकमुक्तीSाा ध्यास (Record no. 338214)

MARC details
000 -LEADER
fixed length control field 00703nam a2200169Ia 4500
008 - FIXED-LENGTH DATA ELEMENTS--GENERAL INFORMATION
fixed length control field 090711s9999 xx 000 0 und d
082 ## - DEWEY DECIMAL CLASSIFICATION NUMBER
Item number 1208
100 ## - MAIN ENTRY--PERSONAL NAME
Personal name देऊळगावकर अतुल
245 ## - TITLE STATEMENT
Title स्वामीनाथन : भूकमुक्तीSाा ध्यास
260 ## - PUBLICATION, DISTRIBUTION, ETC. (IMPRINT)
Name of publisher, distributor, etc अक्षर प्रकाशन
Date of publication, distribution, etc 2000
300 ## - PHYSICAL DESCRIPTION
Extent 172
600 ## - SUBJECT ADDED ENTRY--PERSONAL NAME
Personal name देऊळगावकर अतुल
630 ## - SUBJECT ADDED ENTRY--UNIFORM TITLE
Uniform title स्वामीनाथन : भूकमुक्तीSाा ध्यास
700 ## - ADDED ENTRY--PERSONAL NAME
Personal name देऊळगावकर अतुल
730 ## - ADDED ENTRY--UNIFORM TITLE
Uniform title स्वामीनाथन : भूकमुक्तीSाा ध्यास
942 ## - ADDED ENTRY ELEMENTS (KOHA)
Koha item type Book

No items available.